00783nam a22002177a 4500003000900000008004100009040007100050082001800121100003000139245002800169260005400197300002900251440004800280505013600328650001000464650001300474650001300487650001600500650001800516700003100534AR-CdUCM190307b ||||| |||| 00| 0 spa d aMUNICIPALIDAD PROVINCIAL DEL CUSCOcBIBLIOTECA MUNICIPAL DEL CUSCO a320.1 /bUM46 aUmeres Alvarez, Humberto. aMaquiavelo y el Poder / aLima :bAcademia Diplomática del Perú,c2012. axxi, 91 paginas ;c21cm. aCuadernos de Politica ExteriornFasciculo 3 aContenido: La concepción antropologica de maquiavelo -- Constelación del poder -- El realista politico y los recursos del poder aPoder aRecursos aSiglo XX aLiteratura  aLatinoamerica aPerez de Cuellar, Javíer